00429nam a2200169Ia 4500003000400000008004100004020001500045040001600060082001600076245002100092260005300113300002100166650002300187650001200210650002000222650001700242GCL140319s9999 xx 000 0 eng d a071483808X aGCL / cGCL04a746.92bP F10aTHE FASHION BOOK aانجلترا : bPHAIDON PRESS, LTD. ، c1998 a32 CM ؛ c500 P04aCLOTHING AND DRESS04aFASHION04aFASHION AND ART04aDRESS MAKING